Constitution of India, Professional Ethics and Human Rights / (Record no. 31978)
[ view plain ]
| 000 -LEADER | |
|---|---|
| fixed length control field | 00594 a2200205 4500 |
| 003 - CONTROL NUMBER IDENTIFIER | |
| control field | OSt |
| 005 - DATE AND TIME OF LATEST TRANSACTION | |
| control field | 20260206144919.0 |
| 008 - FIXED-LENGTH DATA ELEMENTS--GENERAL INFORMATION | |
| fixed length control field | 260206b ||||| |||| 00| 0 eng d |
| 020 ## - INTERNATIONAL STANDARD BOOK NUMBER | |
| International Standard Book Number | 978-93-515-0771-0 |
| 040 ## - CATALOGING SOURCE | |
| Transcribing agency | . |
| 082 ## - DEWEY DECIMAL CLASSIFICATION NUMBER | |
| Classification number | 342.54 |
| Item number | M524 |
| 100 ## - MAIN ENTRY--PERSONAL NAME | |
| 9 (RLIN) | 6552 |
| Personal name | Mellalli, Praveenkumar |
| 245 ## - TITLE STATEMENT | |
| Title | Constitution of India, Professional Ethics and Human Rights / |
| Statement of responsibility, etc. | Praveenkumar Mellalli |
| 260 ## - PUBLICATION, DISTRIBUTION, ETC. | |
| Name of publisher, distributor, etc. | SAGE Text, |
| Place of publication, distribution, etc. | New Delhi : |
| Date of publication, distribution, etc. | 2015. |
| 300 ## - PHYSICAL DESCRIPTION | |
| Extent | 211 p. |
| 650 #0 - SUBJECT ADDED ENTRY--TOPICAL TERM | |
| 9 (RLIN) | 6553 |
| Topical term or geographic name entry element | Human rights |
| 9 (RLIN) | 6554 |
| Topical term or geographic name entry element | Professional ethics |
| 9 (RLIN) | 6555 |
| Topical term or geographic name entry element | Constitutions |
| Topical term following geographic name entry element | India |
| 942 ## - ADDED ENTRY ELEMENTS (KOHA) | |
| Source of classification or shelving scheme | |
| Koha item type | Books |
| Withdrawn status | Lost status | Source of classification or shelving scheme | Damaged status | Not for loan | Collection code | Permanent Location | Current Location | Shelving location | Date acquired | Source of acquisition | Cost, normal purchase price | Full call number | Barcode | Date last seen | Cost, replacement price | Price effective from | Koha item type | Total Checkouts | Date due | Date last checked out |
|---|---|---|---|---|---|---|---|---|---|---|---|---|---|---|---|---|---|---|---|---|
| Non-fiction | IMU Kolkata | IMU Kolkata | Reference | 2026-02-23 | 2 | 276.50 | 342.54 M524 | 14629 | 2026-02-23 | 395.00 | 2026-02-23 | Books | ||||||||
| Non-fiction | IMU Kolkata | IMU Kolkata | 2026-02-23 | 2 | 276.50 | 342.54 M524 | 14630 | 2026-02-23 | 395.00 | 2026-02-23 | Books | |||||||||
| Non-fiction | IMU Kolkata | IMU Kolkata | 2026-02-23 | 2 | 276.50 | 342.54 M524 | 14631 | 2026-02-23 | 395.00 | 2026-02-23 | Books | |||||||||
| Non-fiction | IMU Kolkata | IMU Kolkata | 2026-02-23 | 2 | 276.50 | 342.54 M524 | 14632 | 2026-02-23 | 395.00 | 2026-02-23 | Books | |||||||||
| Non-fiction | IMU Kolkata | IMU Kolkata | 2026-02-23 | 2 | 276.50 | 342.54 M524 | 14633 | 2026-02-23 | 395.00 | 2026-02-23 | Books | |||||||||
| Non-fiction | IMU Kolkata | IMU Kolkata | 2026-02-23 | 2 | 276.50 | 342.54 M524 | 14634 | 2026-02-23 | 395.00 | 2026-02-23 | Books | |||||||||
| Non-fiction | IMU Kolkata | IMU Kolkata | 2026-02-23 | 2 | 276.50 | 342.54 M524 | 14635 | 2026-02-23 | 395.00 | 2026-02-23 | Books | |||||||||
| Non-fiction | IMU Kolkata | IMU Kolkata | 2026-02-23 | 2 | 276.50 | 342.54 M524 | 14636 | 2026-04-27 | 395.00 | 2026-02-23 | Books | 2 | 2026-05-12 | 2026-04-27 | ||||||
| Non-fiction | IMU Kolkata | IMU Kolkata | 2026-02-23 | 2 | 276.50 | 342.54 M524 | 14637 | 2026-02-23 | 395.00 | 2026-02-23 | Books | |||||||||
| Non-fiction | IMU Kolkata | IMU Kolkata | 2026-02-23 | 2 | 276.50 | 342.54 M524 | 14638 | 2026-02-23 | 395.00 | 2026-02-23 | Books |